| 000 | 00799nam a2200205Ia 4500 | ||
|---|---|---|---|
| 003 | Ost | ||
| 005 | 20260507075801.0 | ||
| 008 | 260507s9999||||xx |||||||||||||| ||und|| | ||
| 040 | _cfsecg | ||
| 041 | _aara | ||
| 100 |
_aمفتاح، صالح _eمؤلف |
||
| 245 | 0 |
_aالنقود والسياسة النقدية : _bالمفهوم-الأهداف-الأدوات / _c صالح مفتاح |
|
| 260 |
_aالجزائر: _bدار الفجر للنشر والتوزيع, _c2005 |
||
| 300 |
_a206 صفحة؛ _bإيضاحات ؛ _c24 سم |
||
| 504 | _aببليوغرافيا: ص.ص 201-206 | ||
| 520 | _aالنقود وعملية خلق النقود، الاطار النظري للسياسة النقدية | ||
| 653 | _aالسياسة النقدية | ||
| 653 | _aالنقود | ||
| 942 | _cكتاب | ||
| 999 |
_c46272 _d46272 |
||